000
00196nam a22000977a 4500
008
170821b xxu||||| |||| 00| 0 eng d
020
_a
9780486659404
041
_a
eng
080
_a
51
100
_a
37
999
_c
24240
_d
24240